Making money in technical writing (Record no. 4989)

000 -LEADER
fixed length control field 00573 a2200181 4500
020 ## - INTERNATIONAL STANDARD BOOK NUMBER
International Standard Book Number 0028618831
040 ## - CATALOGING SOURCE
Original cataloging agency DLC
Language of cataloging DLC
082 00 - DEWEY DECIMAL CLASSIFICATION NUMBER
Classification number 808.0666
100 1# - MAIN ENTRY--PERSONAL NAME
Personal name Kent, Peter,
245 10 - TITLE STATEMENT
Title Making money in technical writing
Statement of responsibility, etc. Peter Kent.
260 ## - PUBLICATION, DISTRIBUTION, ETC.
Place of publication, distribution, etc. New York :
Name of publisher, distributor, etc. Macmillan USA,
Date of publication, distribution, etc. c1998.
300 ## - PHYSICAL DESCRIPTION
Extent vii, 280 p. ;
Dimensions 24 cm.
500 ## - GENERAL NOTE
General note Rev. ed. of: Technical writer's freelancing guide. c1992.
650 #0 - SUBJECT ADDED ENTRY--TOPICAL TERM
Topical term or geographic name entry element Technical writing
General subdivision Vocational guidance.
650 #0 - SUBJECT ADDED ENTRY--TOPICAL TERM
Topical term or geographic name entry element Freelance journalism
General subdivision Vocational guidance.
700 1# - ADDED ENTRY--PERSONAL NAME
Personal name Kent, Peter,
Dates associated with a name 1957-
942 ## - ADDED ENTRY ELEMENTS (KOHA)
Koha item type Book
Call number prefix 808.0666 KEN
Source of classification or shelving scheme
Holdings
Withdrawn status Lost status Damaged status Not for loan Collection code Permanent Location Current Location Shelving location Date acquired Source of acquisition Cost, normal purchase price Total Checkouts Full call number Barcode Date last seen Date last checked out Price effective from Koha item type
          Central Library (CL) Central Library (CL) General Stacks 07/21/2005 Academic Book company 1079.45 1 808.0666 KEN SEECS006023 08/12/2024 07/10/2024 01/05/2017 Book
© 2023 Central Library, National University of Sciences and Technology. All Rights Reserved.